01668nam a2200289 i 4500001001000000003000900010005001700019007000300036008004100039040003000080082001700110100003100127245010800158264006100266300002800327336002700355337003300382338002800415534006100443700005000504942001400554952019300568952017500761952018500936952024001121999001701361000032652DO-SdBNP20241121130023.0ta110725s1966 sp 000 0 spa d aDO-SdBNPbspacBNPHUerda axxxbK962221 aKurzman, Daneautor95853810aSanto Domingo :bla revuelta de los condenados /cDan Kurzman ; traducción Amparo García de Burgos. aBarcelona, España :bEdiciones Martínez Roca,c1966. a323 páginas ;c21 cm. ardacontentbtexto2txt ardamediabsin mediación2n ardacarrierbvolumen2nc pTítulo original :tSanto Domingo: Revolt of the damned1 aGarcía de Burgos, Amparo,etraductor958539 2ddccLBS1 00102ddc54708MOaBNPHUbBNPHUcCTd2011-08-25iLF1l0oxxx K96p32652-30r2020-06-25te. 3w2020-06-25y4zPerteneció a la biblioteca personal de Martínez Boog.ZPréstamo en sala 001050718MOaPDbPDcCTd2011-07-25iLF1l0oxxx K96p32652-10r2020-06-25w2020-06-25y1zPerteneció a la biblioteca personal de Germán Emilio OrnesZNo se presta 001050718MOaPDbPDcCTd2011-08-25iLF1l0oxxx K96p32652-20r2020-06-25te. 2w2020-06-25y1zPerteneció a la biblioteca personal de Carlos Larrabazal Blanco.ZNo se presta 00102ddc56708DSaBNPHUbBNPHUcCTd2024-11-21eDonado por la Presidencia de la República Dominicana 2023l0oBNPHU DS K96p2024-6548r2024-11-21te.4w2024-11-21yLBS1zPertenecio a la biblioteca personal de Emilio Cordero Michel c32143d32143